The development of the Indian economy.

Gespeichert in:
Bibliographische Detailangaben
1. Verfasser: Reddaway, William Brian
Format: Buch
Sprache:Undetermined
Veröffentlicht: London George Allen & Unwin 1962
Schlagworte:
Tags: Tag hinzufügen
Keine Tags, Fügen Sie den ersten Tag hinzu!
Thư viện lưu trữ: Trung tâm Học liệu Trường Đại học Cần Thơ
LEADER 00523nam a2200193Ia 4500
001 CTU_92786
008 210402s9999 xx 000 0 und d
082 |a 338.954 
082 |b R313 
100 |a Reddaway, William Brian 
245 4 |a The development of the Indian economy. 
245 0 |c William Brian Reddaway 
260 |a London 
260 |b George Allen & Unwin 
260 |c 1962 
650 |a India 
650 |x Economic policy 
904 |i Nguyên 
980 |a Trung tâm Học liệu Trường Đại học Cần Thơ